| 000 | 00630nam a22002297a 4500 | ||
|---|---|---|---|
| 003 | BCEG | ||
| 005 | 20260319103908.0 | ||
| 008 | 260319s2022 mx|||||| |||| 00| 0 spa d | ||
| 020 | _a9786070785931 | ||
| 040 |
_aBCEG _bspa _cBCEG |
||
| 082 | 0 | 4 |
_a891.62 _bS667c |
| 100 | 1 | _aSmyth, Ciara. | |
| 245 | 1 | 0 | _aComo en las películas. |
| 260 |
_aCiudad de México : _bPlaneta Mexicana, _c2022. |
||
| 300 | _a352 p. | ||
| 490 | _aCross Books. | ||
| 534 |
_pTítulo original : _tThe falling in love montage. |
||
| 541 | _aDonación. | ||
| 650 | 1 | 4 | _aNovela juvenil irlandesa. |
| 700 | 1 |
_aMolinari Tato, Ariadna, _etr. |
|
| 942 | _cBK | ||
| 999 |
_c437113 _d437113 |
||